• 首页
  • 本馆介绍
  • 公告通知
  • 最新文献
  • 馆藏检索
  • 电子资源
  • 读者导购
  • 参考咨询
  • 我的图书馆
  • 登录
  • 详细信息显示
  • 放入我的书架
  • 预约/预借图书
  • 作者相关作品
  • 分类相关作品
  • 丛书相关作品
  • 出版社相关作品

书目信息

  • 表格格式
  • 工作单格式
  • 卡片格式
题名:
染料化学
    
 
作者: 何瑾馨 主编
分册:  
出版信息: 北京   中国纺织出版社  2009.1
页数: 306页
开本: 26cm
丛书名:
单 册:
中图分类: TQ610.1
科图分类:
主题词: 染料化学--高等教育--教材
电子资源:
ISBN: 978-7-5180-2910-5
000 00928nam0 2200253 450
001 0400004171
005 20171025162410.06
010    @a978-7-5180-2910-5@dCNY50.00
100    @a20170215e20162009em y0chiy50 ea
101 0  @achi
102    @aCN@b110000
105    @ay z 000yy
106    @ar
200 1  @a染料化学@9ran liao hua xue@f何瑾馨主编
205    @a第2版
210    @a北京@c中国纺织出版社@d2009.1@h2016.10
215    @a306页@d26cm
300    @a“十三五”普通高等教育本科部委级规划教材
330    @a本书按照染料的应用分类,叙述了各类染料、颜料和荧光增白剂的基本特性和应用范畴;着重阐述了染料的化学结构与其应用性能和颜色坚牢度的关系、染料应用中涉及的化学反应及其影响因素;同时,介绍了染料及其中间体合成中的一些主要化学反应。
606 0  @a染料化学@x高等教育@j教材
690    @aTQ610.1@v5
701  0 @a何瑾馨@9he jin xin@f(1959~)@4主编
801  0 @aCN@b91MARC@c20171023
905    @b1028016-20@dTQ610.1@f5@e66=2
    
    染料化学/何瑾馨主编.-第2版.-北京:中国纺织出版社,2009.1(2016.10)
    306页;26cm
    “十三五”普通高等教育本科部委级规划教材
    
    ISBN 978-7-5180-2910-5:CNY50.00
    本书按照染料的应用分类,叙述了各类染料、颜料和荧光增白剂的基本特性和应用范畴;着重阐述了染料的化学结构与其应用性能和颜色坚牢度的关系、染料应用中涉及的化学反应及其影响因素;同时,介绍了染料及其中间体合成中的一些主要化学反应。
●
相关链接 在E读中查询图书 在五车中查询图书 在当当中查询图书 在豆瓣中查询图书


正题名:染料化学     索取号:TQ610.1/66=2         预约/预借

序号 登录号 条形码 馆藏地/架位号 状态 备注
1 1028016   210280168   第二样本阅览室/ [索取号:TQ610.1/66=2] 在馆    
2 1028017   210280177   密集书库-化学系/ [索取号:TQ610.1/66=2] 在馆    
3 1028018   210280186   第三借阅区/ [索取号:TQ610.1/66=2] 在馆    
4 1028019   210280195   第三借阅区/ [索取号:TQ610.1/66=2] 在馆    
5 1028020   210280202   第三借阅区/ [索取号:TQ610.1/66=2] 在馆    
唐山师范学院图书馆 欢迎您!
大连网信软件有限公司© 版权所有